000 00308nam a22001337a 4500
008 170221b xxu||||| |||| 00| 0 eng d
020 _a0205407846
041 _aeng
080 _24 ED
_a815
100 _a5
101 _aSHF
245 _aDRUGS BEHAVIOR AND MODERN SOCIETY
_cLEVINTHAL.CH.E
942 _2udc
_cBK
999 _c5977
_d5977